<?xml version="1.0" encoding="UTF-8"?>
<collection xmlns:xsi="http://www.w3.org/2001/XMLSchema-instance" xsi:schemaLocation="http://www.loc.gov/MARC21/slim http://www.loc.gov/standards/marcxml/schema/MARC21slim.xsd" xmlns="http://www.loc.gov/MARC21/slim">
 <record>
  <leader>00000nam a22000004a 4500</leader>
  <controlfield tag="001">UP-8027390931311662386</controlfield>
  <controlfield tag="003">Buklod</controlfield>
  <controlfield tag="005">20250225163221.0</controlfield>
  <controlfield tag="006">a     r    |||| u|</controlfield>
  <controlfield tag="007">ta</controlfield>
  <controlfield tag="008">250225s2024    xxua    rm    00| u eng  </controlfield>
  <datafield tag="040" ind1=" " ind2=" ">
   <subfield code="a">DCHE</subfield>
   <subfield code="e">rda</subfield>
  </datafield>
  <datafield tag="041" ind1=" " ind2=" ">
   <subfield code="a">eng</subfield>
  </datafield>
  <datafield tag="090" ind1=" " ind2="0">
   <subfield code="a">LG 993.5 2024 F66</subfield>
   <subfield code="b">O79</subfield>
  </datafield>
  <datafield tag="100" ind1="1" ind2=" ">
   <subfield code="a">Oryan, Willaine Bless P.</subfield>
  </datafield>
  <datafield tag="245" ind1="0" ind2="0">
   <subfield code="a">Assessment of the colloidal and functional properties of soybean curd residue “okara” (Glycine max) for encapsulation</subfield>
   <subfield code="c">Willaine Bless P. Oryan.</subfield>
  </datafield>
  <datafield tag="264" ind1=" " ind2="0">
   <subfield code="a">Quezon City</subfield>
   <subfield code="b">University of the Philippines Diliman</subfield>
   <subfield code="c">2024</subfield>
  </datafield>
  <datafield tag="300" ind1=" " ind2=" ">
   <subfield code="a">133 leaves</subfield>
   <subfield code="b">illustrations</subfield>
   <subfield code="c">28 cm.</subfield>
  </datafield>
  <datafield tag="336" ind1=" " ind2=" ">
   <subfield code="a">text</subfield>
   <subfield code="2">rdacontent</subfield>
  </datafield>
  <datafield tag="337" ind1=" " ind2=" ">
   <subfield code="a">unmediated</subfield>
   <subfield code="2">rdamedia</subfield>
  </datafield>
  <datafield tag="338" ind1=" " ind2=" ">
   <subfield code="a">volume</subfield>
   <subfield code="2">rdacarrier</subfield>
  </datafield>
  <datafield tag="500" ind1=" " ind2=" ">
   <subfield code="a">In partial fulfillment for the Degree of Bachelor of Science in Food Technology</subfield>
  </datafield>
  <datafield tag="502" ind1=" " ind2=" ">
   <subfield code="a">Thesis</subfield>
   <subfield code="b">Bachelor of Science in Food Technology</subfield>
   <subfield code="c">University of the Philippines Diliman</subfield>
   <subfield code="d">2024</subfield>
  </datafield>
  <datafield tag="506" ind1=" " ind2=" ">
   <subfield code="a">This thesis is not available to the public. Please ask the library for assistance.</subfield>
  </datafield>
  <datafield tag="506" ind1=" " ind2=" ">
   <subfield code="a">Thesis classification: P</subfield>
  </datafield>
  <datafield tag="520" ind1="3" ind2=" ">
   <subfield code="a">Okara is a by-product of processing soybean products, such as soymilk and soybean curd. While it is an underutilized food product that is often discarded or used as livestock feed, okara is rich in nutritional properties and shares the functional properties that soybean has. The study investigated the functional and colloidal properties of okara to utilize its potential in the food industry as a functional food ingredient, specifically as a wall material for encapsulation of bioactive compounds in food products. This was done by (1) evaluating the effects of storage temperature and pH, and (2) assessing the effects of adding sodium alginate to okara protein isolate (OPI) emulsions. OPI was extracted with a recovery of 15.20%, and it was found to have highest solubility at pH 2. OPI also had satisfactory emulsifying activity and stability indices (EAI and ESI) of 41.15 m2/g and 124.84 min, respectively. The holding capacities of OPI were lower than related studies, but these properties may be improved by optimizing processing conditions. Meanwhile, OPI also exhibited good foaming properties and bulk density. Primary emulsions were prepared by mixing OPI with medium chain triglyceride (MCT) oil. The highest EAI and ESI were obtained by emulsions at pH 8 and 6, respectively; emulsions stored at room temperature had a higher emulsifying activity, but were more stable at 4°C. All emulsions exhibited low viscosities which were significantly affected by pH and storage conditions. Those at near-neutral pH had more stability against creaming; however, both pH and storage conditions were found to have no significant effect on this property. Meanwhile, the addition of 0.02% w/v sodium alginate (SA) resulted in minimal improvements with the EAI, ESI, and colloidal properties of OPI emulsions. FTIR analysis indicated protein-polysaccharide interactions in OPI-SA emulsions which correspond with enhanced properties and stability of the emulsions.</subfield>
  </datafield>
  <datafield tag="650" ind1=" " ind2="0">
   <subfield code="a">Colloids.</subfield>
  </datafield>
  <datafield tag="650" ind1=" " ind2="0">
   <subfield code="a">Emulsions.</subfield>
  </datafield>
  <datafield tag="653" ind1=" " ind2="0">
   <subfield code="a">Protein functionality.</subfield>
  </datafield>
  <datafield tag="653" ind1=" " ind2="0">
   <subfield code="a">Encapsulation.</subfield>
  </datafield>
  <datafield tag="653" ind1=" " ind2="0">
   <subfield code="a">Colloidal properties.</subfield>
  </datafield>
  <datafield tag="653" ind1=" " ind2="0">
   <subfield code="a">Okara.</subfield>
  </datafield>
  <datafield tag="653" ind1=" " ind2="0">
   <subfield code="a">FTIR analysis.</subfield>
  </datafield>
  <datafield tag="653" ind1=" " ind2="0">
   <subfield code="a">Soybean curd residue.</subfield>
  </datafield>
  <datafield tag="700" ind1="1" ind2=" ">
   <subfield code="a">Peralta, Justin Godfred B.</subfield>
   <subfield code="e">adviser.</subfield>
  </datafield>
  <datafield tag="842" ind1=" " ind2=" ">
   <subfield code="a">Thesis</subfield>
  </datafield>
  <datafield tag="856" ind1="4" ind2="0">
   <subfield code="y">Available for University of the Philippines Diliman via Digital Archives. Click here to access</subfield>
   <subfield code="u">https://digitalarchives.upd.edu.ph/item/61809</subfield>
  </datafield>
  <datafield tag="905" ind1=" " ind2=" ">
   <subfield code="a">UP</subfield>
  </datafield>
  <datafield tag="950" ind1=" " ind2=" ">
   <subfield code="a">Paper</subfield>
  </datafield>
  <datafield tag="852" ind1="0" ind2=" ">
   <subfield code="a">UPD</subfield>
   <subfield code="b">DCHE</subfield>
   <subfield code="h">LG 993.5 2024 F66</subfield>
   <subfield code="i">O79</subfield>
  </datafield>
  <datafield tag="942" ind1=" " ind2=" ">
   <subfield code="a">Thesis</subfield>
  </datafield>
 </record>
</collection>
